| 000 | 01709cam a2200349 a 4500 | ||
|---|---|---|---|
| 003 | EG-GiCUC | ||
| 005 | 20250223031607.0 | ||
| 008 | 161101s2016 ua d f m 000 0 eng d | ||
| 040 |
_aEG-GiCUC _beng _cEG-GiCUC |
||
| 041 | 0 | _aeng | |
| 049 | _aDeposite | ||
| 097 | _aM.Sc | ||
| 099 | _aCai01.11.28.M.Sc.2016.Di.S | ||
| 100 | 0 | _aDina Nabil Adib Antoun | |
| 245 | 1 | 2 |
_aA study of the echocardiographic findings in the septic neonates / _cDina Nabil Adib Antoun ; Supervised Amr Malash , Inas Abdelsattar , Nouran Fahmy |
| 246 | 1 | 5 | _aدراسة الموجات الصوتية فى الأطفال حديثى الولادة المصابين بمرض التسمم فى الدم |
| 260 |
_aCairo : _bDina Nabil Adib Antoun , _c2016 |
||
| 300 |
_a161 P. : _bcharts ; _c25cm |
||
| 502 | _aThesis (M.Sc.) - Cairo University - Faculty of Medicine - Department of Pediatrics | ||
| 520 | _aNeonatal sepsis is an important cause of morbidity and mortality as a result of multiple organ system failure. Transthoracic echocardiography could detect cardiac affection in cases of neonatal sepsis. Cardiovascular involvement may take the form of defective left ventricular diastolic function and impaired global left ventricular function as evidenced by increase of the myocardial performance index (MPI) | ||
| 530 | _aIssued also as CD | ||
| 653 | 4 | _aPediatrics | |
| 653 | 4 | _aThe echocardiographic findings | |
| 653 | 4 | _aThe septic neonates | |
| 700 | 0 |
_aAmr Malash , _eSupervisor |
|
| 700 | 0 |
_aInas Abdelsattar , _eSupervisor |
|
| 700 | 0 |
_aNouran Fahmy , _eSupervisor |
|
| 856 | _uhttp://172.23.153.220/th.pdf | ||
| 905 |
_aNazla _eRevisor |
||
| 905 |
_aSamah _eCataloger |
||
| 942 |
_2ddc _cTH |
||
| 999 |
_c58401 _d58401 |
||